Online
Catalog

Responsabilidad civil / (Record no. 50953)

MARC details
000 -CABECERA
campo de control de longitud fija 01731nam a22004097a 4500
003 - IDENTIFICADOR DEL NÚMERO DE CONTROL
campo de control DO-SdBNP
005 - FECHA Y HORA DE LA ÚLTIMA TRANSACCIÓN
campo de control 20211115114247.0
007 - CAMPO FIJO DE DESCRIPCIÓN FÍSICA--INFORMACIÓN GENERAL
campo de control de longitud fija ta
008 - DATOS DE LONGITUD FIJA--INFORMACIÓN GENERAL
campo de control de longitud fija 211112b2018 a|||e |||| 001 0 spa d
020 ## - NÚMERO INTERNACIONAL ESTÁNDAR DEL LIBRO
Número Internacional Estándar del Libro 9789945580501
040 ## - FUENTE DE LA CATALOGACIÓN
Centro catalogador/agencia de origen DO-SdBNP
Lengua de catalogación spa
Centro/agencia transcriptor BNPHU
082 4# - NÚMERO DE LA CLASIFICACIÓN DECIMAL DEWEY
Número de edición 22
Número de clasificación 346.03
Número de documento/Ítem H557r
100 10 - ENTRADA PRINCIPAL--NOMBRE DE PERSONA
Nombre de persona Hernández Ramos, Pedro Pablo
9 (RLIN) 40199
245 10 - MENCIÓN DE TÍTULO
Título Responsabilidad civil /
Mención de responsabilidad, etc. Pedro Pablo Hernández ; editor Lennys Tejada Betancourt
260 ## - PUBLICACIÓN, DISTRIBUCIÓN, ETC.
Lugar de publicación, distribución, etc. Santiago de los Caballeros, Rep. Dom. :
Nombre del editor, distribuidor, etc. UAPA,
Fecha de publicación, distribución, etc. 2018.
300 ## - DESCRIPCIÓN FÍSICA
Extensión 261 p. : (5)
Otras características físicas il.;
Dimensiones 27 cm
490 ## - MENCIÓN DE SERIE
Mención de serie Autoaprendizaje ;
Designación de volumen o secuencia v. 8
504 ## - NOTA DE BIBLIOGRAFÍA, ETC.
Nota de bibliografía, etc. Bibliografía : p. 261 <br/>
505 ## - NOTA DE CONTENIDO CON FORMATO
Nota de contenido con formato Unidad I. Evolución de la responsabilidad civil y sus fundamentos jurídicos.
505 ## - NOTA DE CONTENIDO CON FORMATO
Nota de contenido con formato Unidad II. Los regímenes de responsabilidad civil.
505 ## - NOTA DE CONTENIDO CON FORMATO
Nota de contenido con formato Unidad III. Requisitos de la responsabilidad civil.
505 ## - NOTA DE CONTENIDO CON FORMATO
Nota de contenido con formato Unidad IV. Las causas eximentes de responsabilidad civil y el derecho a la reparación.
505 ## - NOTA DE CONTENIDO CON FORMATO
Nota de contenido con formato Unidad V. Responsabilidad civil de ciertos profesionales.
505 ## - NOTA DE CONTENIDO CON FORMATO
Nota de contenido con formato Unidad VI. Responsabilidad civil del Estado, las entidades públicas, sus funcionarios o agentes.
505 ## - NOTA DE CONTENIDO CON FORMATO
Nota de contenido con formato Unidad VII. Régimen de las pruebas.
505 ## - NOTA DE CONTENIDO CON FORMATO
Nota de contenido con formato Unidad VIII. La acción en responsabilidad civil y la competencia.
505 ## - NOTA DE CONTENIDO CON FORMATO
Nota de contenido con formato Bibliografía básica.
505 ## - NOTA DE CONTENIDO CON FORMATO
Nota de contenido con formato Bibliografía general.
590 ## - NOTA LOCAL (RLIN)
Nota local Inventariado, 2021 / SA
650 4# - PUNTO DE ACCESO ADICIONAL DE MATERIA--TÉRMINO DE MATERIA
Término de materia o nombre geográfico como elemento de entrada Responsabilidad civil
9 (RLIN) 14308
650 4# - PUNTO DE ACCESO ADICIONAL DE MATERIA--TÉRMINO DE MATERIA
Término de materia o nombre geográfico como elemento de entrada Responsabilidad civil
Subdivisión de forma Seguros
9 (RLIN) 80625
650 4# - PUNTO DE ACCESO ADICIONAL DE MATERIA--TÉRMINO DE MATERIA
Término de materia o nombre geográfico como elemento de entrada Responsabilidad
Subdivisión de forma extracontractual
9 (RLIN) 80626
700 1# - PUNTO DE ACCESO ADICIONAL--NOMBRE DE PERSONA
9 (RLIN) 78873
Nombre de persona Tejada Betancourt , Lennys G
Término indicativo de función/relación editor
700 1# - PUNTO DE ACCESO ADICIONAL--NOMBRE DE PERSONA
Nombre de persona Hernández, Luisa
Término indicativo de función/relación Corrección y estilo
9 (RLIN) 66105
910 ## - DATOS DE OPCIÓN DEL USUARIO (OCLC)
Datos de opción del usuario Saquino
942 ## - ELEMENTOS DE PUNTO DE ACCESO ADICIONAL (KOHA)
Fuente del sistema de clasificación o colocación Dewey Decimal Classification
Tipo de ítem Koha Libro
Holdings
Estado de retiro Estado de pérdida Fuente del sistema de clasificación o colocación Restricciones de uso No para préstamo Código de colección Localización permanente Ubicación/localización actual Ubicación en estantería Fecha de adquisición Fuente de adquisición Total de préstamos Signatura topográfica completa Código de barras Fecha visto por última vez Número de copia Precio válido a partir de Tipo de ítem Koha Nota pública
    Dewey Decimal Classification   Préstamo en sala Monografías: Libros y Folletos Biblioteca Nacional Pedro Henríquez Ureña Dominicana En catalogación 21.03.2019 Donado   BNPHU DS 346.03 H557r 2021-28112 15.11.2021 v.8, e.3 15.11.2021 Libro S/A
    Dewey Decimal Classification Excluido de préstamo   Monografías: Libros y Folletos Biblioteca Nacional Pedro Henríquez Ureña Patrimonio Dominicano En catalogación 21.03.2019 Donado   BNPHU PD 346.03 H557r 2021-28110 15.11.2021 v.8 15.11.2021 Libro S/A
    Dewey Decimal Classification Excluido de préstamo   Monografías: Libros y Folletos Biblioteca Nacional Pedro Henríquez Ureña Patrimonio Dominicano En catalogación 21.03.2019 Donado   BNPHU PD 346.03 H557r 2021-28111 15.11.2021 v.8, e.2 15.11.2021 Libro S/A

Powered by Koha